[Event "Tourn. n8184"]
[Site "www.chess-mail.com"]
[Date "2015.07.20"]
[Round "1"]
[White "Abuelo"]
[Black "Bojan"]
[WhiteElo "2080"]
[BlackElo "1980"]
[Result "1-0"]
[Round "1"]
1.e4 e5
2.Bf1c4 Nb8c6
3.d3 Nc6a5
4.Bc1d2 Na5xc4
5.dxc4 Bf8c5
6.Nb1c3 c6
7.Ng1f3 f6
8.a3 a6
9.b4 Bc5a7
10.c5 d6
11.cxd6 Qd8xd6
12.h3 Ng8e7
13.Nc3a4 Bc8e6
14.Qd1e2 b5
15.Na4b2 Ne7c8
16.c4 Qd6e7
17.c5 Ba7b8
18.O-O Qe7f7
19.a4 Ra8a7
20.Bd2c3 O-O
21.Rf1d1 Nc8e7
22.axb5 cxb5
23.Qe2e3 Ne7g6
24.Nb2d3 Rf8d8
25.Nd3b2 Rd8xd1
26.Ra1xd1 Qf7e7
27.Nf3e1 Ra7c7
28.Ne1d3 Bb8a7
29.Rd1a1 Rc7c6
30.Qe3e2 Ba7b8
31.f3 Qe7e8
32.Nb2d1 h6
33.Nd1e3 Ng6h4
34.Qe2f2 g5
35.Ne3d5 Kg7
36.Nd5b6 h5
37.Ra1xa6 Qe8d8
38.Qf2e2 Be6c4
39.Ra6a8 Qd8c7
40.Nb6d5 Qc7b7
41.Ra8a1 Nh4g6
42.Qe2c2 Rc6a6
43.Ra1xa6 Qb7xa6
44.Nd3b2 Qa6a2
45.Nd5e3 Bc4e6
46.Qc2d3 Ng6f4
47.Qd3xb5 Qa2a3
48.Nb2d1 Qa3a7
49.Kh2 Qa7c7
50.g3 Nf4xh3
51.Qb5e8 Be6f7
52.Ne3f5 Kh7
53.Qe8f8 Bf7b3
54.Qf8h6 Kg8
55.Qh6g6 Kf8
56.Qg6xf6 Qc7f7
57.Qf6h8 Qf7g8
58.Qh8h6 Ke8
59.Qh6xh5 Kd7
60.Qh5xh3 g4
61.fxg4 Bb3xd1
62.g5 Bd1f3
63.Nf5h4 Kc6
64.Nh4xf3 Qg8f8
65.Nf3xe5 Kb7
66.c6 Ka8
67.Ne5d7 Qf8f2
68.Qh3g2 Qf2f7
69.Nd7xb8 Kxb8
70.Bc3e5 Kc8
71.Qg2h3 Kd8
72.c7 { resign }
1-0

[Event "Tourn. n8132"]
[Site "www.chess-mail.com"]
[Date "2015.07.20"]
[Round "1"]
[White "Ochoreales"]
[Black "Blackpool"]
[WhiteElo "1990"]
[BlackElo "1970"]
[Result "1-0"]
[Round "1"]
1.e4 e5
2.Ng1f3 Ng8f6
3.Nf3xe5 d6
4.Ne5xf7 Kxf7
5.Bf1c4 Bc8e6
6.Bc4xe6 Kxe6
7.O-O Kf7
8.Qd1f3 Nb8c6
9.c3 Bf8e7
10.d4 Kg8
11.Rf1e1 d5
12.e5 Nf6e4
13.Nb1d2 Ne4xd2
14.Bc1xd2 h6
15.e6 Be7f6
16.Qf3f5 Qd8d6
17.Bd2f4 Qd6e7
18.Qf5xd5 Ra8d8
19.Qd5b5 Rd8b8
20.d5 a6
21.Qb5d3  { time }
1-0

[Event "Tourn. n8168"]
[Site "www.chess-mail.com"]
[Date "2015.07.20"]
[Round "1"]
[White "Generalfree"]
[Black "Blackpool"]
[WhiteElo "1930"]
[BlackElo "1890"]
[Result "1-0"]
[Round "1"]
1.e4 d6
2.d4 Ng8f6
3.Bf1d3 g6
4.Bc1e3 Bf8g7
5.c3 O-O
6.Nb1d2 Nf6g4
7.Qd1e2 Ng4xe3
8.Qe2xe3 e5
9.d5 f5
10.exf5 gxf5
11.O-O-O Qd8f6
12.f3 Nb8d7
13.Ng1e2 Nd7c5
14.Bd3c2 f4
15.Qe3f2 Bc8f5
16.Nd2e4 Nc5xe4
17.fxe4 Bf5g6
18.h4  { time }
1-0

[Event "Tourn. n8261"]
[Site "www.chess-mail.com"]
[Date "2015.07.20"]
[Round "1"]
[White "Iko"]
[Black "Ruko"]
[WhiteElo "1480"]
[BlackElo "1680"]
[Result "0-1"]
[Round "1"]
1.e4 e5
2.Ng1f3 Nb8c6
3.Bf1b5 a6
4.Bb5xc6 dxc6
5.Nf3xe5 Qd8d4
6.Ne5f3 Qd4xe4
7.Qd1e2 Bc8f5
8.d3 Qe4xe2
9.Kxe2 Bf8c5
10.Rh1e1 Ng8f6
11.Nf3e5 O-O
12.Bc1e3 Bc5d6
13.Be3f4 Rf8e8
14.Kf1 Nf6d5
15.g3 g5
16.c4 gxf4
17.cxd5 Bd6xe5
18.gxf4 Be5xb2
19.Nb1c3 Bb2xc3
20.Re1xe8 Ra8xe8
21.Ra1c1 Bf5xd3
22.Kg2 Bc3a5
23.dxc6 Bd3e4
24.f3 Be4xc6
25.Rc1d1 Re8e2
26.Kf1 Re2xa2
27.f5 Bc6xf3
28.Rd1d4 Ra2xh2
29.f6 h5
30.Rd4d8 Kh7
31.Rd8f8 Bf3d5
32.Rf8d8 Bd5e6
33.Rd8e8 Kg6
34.Kg1 Rh2d2
35.Re8xe6 fxe6
36.f7 Kxf7
37.Kf1 Kf6
38.Ke1 Kf5
39.Kf1 Kg4
40.Ke1 Kf3
41.Kf1 Rd2d1

0-1

[Event "Tourn. n8261"]
[Site "www.chess-mail.com"]
[Date "2015.07.20"]
[Round "1"]
[White "Nugun"]
[Black "Iko"]
[WhiteElo "1650"]
[BlackElo "1480"]
[Result "0-1"]
[Round "1"]
1.c4 e5
2.Ng1f3 e4
3.Nf3d4 c5
4.Nd4b3 Nb8a6
5.g3 Qd8c7
6.Bf1g2 f5
7.Nb1c3 d6
8.O-O Bc8e6
9.d3 exd3
10.Qd1xd3 Na6b4
11.Qd3d1 Be6xc4
12.Nb3d2 Bc4d5
13.Bg2xd5 Nb4xd5
14.Nc3xd5 Qc7c6
15.Nd5f4 O-O-O
16.Nd2c4 b5
17.Nc4e3 g6
18.Nf4e6 Rd8e8
19.Ne6g5 h6
20.Ng5f3 g5
21.Ne3xf5 Qc6d7
22.a3 Qd7xf5
23.Bc1e3 g4
24.Nf3h4 Qf5e4
25.Nh4g6 Qe4xg6
26.Ra1c1 Bf8g7
27.b4 Bg7b2
28.bxc5 Bb2xc1
29.Qd1xc1 d5
30.Qc1d2 Qg6a6
31.Qd2d3 Ng8f6
32.Be3d4 h5
33.Qd3f5 Qa6e6
34.Qf5xf6 Rh8f8
35.Qf6xe6 Re8xe6
36.e3 a5
37.Rf1c1 Kd7
38.Rc1b1 Kc6
39.a4 b4
40.Kf1 Re6e7
41.Rb1e1 Re7f7
42.Re1e2 Kd7
43.Re2c2 b3
44.c6 Kc7
45.Bd4e5 Kc8
46.Rc2b2 Rf7f3
47.c7 Rf3xe3
48.Rb2e2 Re3xe2
49.Kxe2 Rf8e8
{ resign }
0-1

[Event "Tourn. n8246"]
[Site "www.chess-mail.com"]
[Date "2015.07.20"]
[Round "1"]
[White "Colchester"]
[Black "Gatoss"]
[WhiteElo "2040"]
[BlackElo "1940"]
[Result "0-1"]
[Round "1"]
1.d4 Ng8f6
2.c4 e6
3.g3 d5
4.Bf1g2 c5
5.cxd5 Nf6xd5
6.e4 Nd5c7
7.Ng1e2 Nb8c6
8.Bc1e3 cxd4
9.Ne2xd4 { time. }
0-1

[Event "Tourn. n8271"]
[Site "www.chess-mail.com"]
[Date "2015.07.20"]
[Round "1"]
[White "Szustan"]
[Black "Jpmartinez"]
[WhiteElo "2620"]
[BlackElo "2590"]
[Result "1-0"]
[Round "1"]
1.e4 c5
2.c3 Ng8f6
3.e5 Nf6d5
4.Bf1c4 Nd5b6
5.Bc4b3 c4
6.Bb3c2 Nb8c6
7.Ng1f3 Qd8c7
8.O-O Nc6xe5
9.Nf3xe5 Qc7xe5
10.Rf1e1 Qe5c7
11.d3 cxd3
12.Qd1xd3 g6
13.Nb1a3 { resign }
1-0

[Event "Tourn. n8075"]
[Site "www.chess-mail.com"]
[Date "2015.07.20"]
[Round "1"]
[White "Maredocla"]
[Black "Blackpool"]
[WhiteElo "2000"]
[BlackElo "2030"]
[Result "1-0"]
[Round "1"]
1.f4 c5
2.Ng1f3 d5
3.b3 Nb8c6
4.Bc1b2 Ng8f6
5.e3 a6
6.Bf1e2 Bc8g4
7.h3 Bg4xf3
8.Be2xf3 e6
9.O-O Bf8e7
10.Nb1c3 O-O
11.Nc3e2 b5
12.c4 Qd8d7
13.Qd1e1 Ra8b8
14.Ra1b1 dxc4
15.bxc4 bxc4
16.Ne2c3 Nc6b4
17.a3 Nb4d3
18.Qe1e2 Rb8xb2
19.Rb1xb2 Nd3xb2
20.Rf1b1 Nb2d3
21.Nc3e4 Nf6xe4
22.Bf3xe4 Rf8d8
23.Rb1b7 Qd7d6
24.Qe2h5 g6
25.Qh5h6 Be7f6
26.h4 Bf6g7
27.Qh6g5 h6
28.Qg5g4 Rd8d7
29.Rb7xd7 Qd6xd7
30.h5 f5
31.Qg4xg6 Qd7f7
32.Qg6xf7 Kxf7
33.Be4b7 a5
34.Bb7a6 Nd3b2
35.Kf2 c3
36.dxc3 Bg7xc3
37.e4 fxe4
38.Ba6b7 Bc3d4
39.Ke2  { time }
1-0

[Event "Tourn. n8123"]
[Site "www.chess-mail.com"]
[Date "2015.07.20"]
[Round "1"]
[White "Seger"]
[Black "Cathar"]
[WhiteElo "2680"]
[BlackElo "2230"]
[Result "1-0"]
[Round "1"]
1.d4 e6
2.e4 d5
3.Nb1d2 Nb8c6
4.Ng1f3 Ng8f6
5.e5 Nf6d7
6.Nd2b3 a5
7.a4 Bf8e7
8.Bf1b5 Nc6a7
9.Bb5e2 b6
10.O-O O-O
11.c3 c5
12.Bc1f4 Na7c6
13.h3 Bc8a6
14.Be2xa6 Ra8xa6
15.Nb3d2 Ra6a8
16.Nd2b1 c4
17.b3 cxb3
18.Qd1xb3 Ra8b8
19.Rf1c1 Qd8c7
20.c4 dxc4
21.Rc1xc4 Qc7b7
22.Nb1c3 Nc6b4
23.Bf4g5 Be7xg5
24.Nf3xg5 Rf8c8
25.Rc4xc8 Rb8xc8
26.Nc3b5 Qb7d5
27.Qb3xd5 Nb4xd5
28.Ng5xf7 Rc8c2
29.Nf7d8 Nd7f8
30.g3 Nd5c3
31.Nb5xc3 Rc2xc3
32.Ra1b1 Rc3a3
33.Rb1xb6 Ra3xa4
34.Rb6b8 Ra4xd4
35.Nd8xe6 Rd4d1
36.Kg2 Kf7
37.Ne6xf8 a4
38.Nf8xh7 { resign }
1-0

[Event "Tourn. n8193"]
[Site "www.chess-mail.com"]
[Date "2015.07.20"]
[Round "1"]
[White "Seger"]
[Black "Jaroslavpech"]
[WhiteElo "2670"]
[BlackElo "2390"]
[Result "1-0"]
[Round "1"]
1.d4 Ng8f6
2.Ng1f3 g6
3.c4 Bf8g7
4.Nb1c3 d5
5.cxd5 Nf6xd5
6.e4 Nd5xc3
7.bxc3 c5
8.Ra1b1 O-O
9.Bf1c4 Nb8c6
10.O-O cxd4
11.cxd4 Nc6xd4
12.Nf3xd4 Qd8xd4
{ time. }
1-0

[Event "Tourn. n8188"]
[Site "www.chess-mail.com"]
[Date "2015.07.20"]
[Round "1"]
[White "Colchester"]
[Black "Yangqi"]
[WhiteElo "2000"]
[BlackElo "2190"]
[Result "0-1"]
[Round "1"]
1.d4 Ng8f6
2.c4 e5
3.dxe5 Nf6g4
4.Ng1f3 Bf8c5
5.e3 Nb8c6
6.a3 a5
7.b3 O-O
8.Bc1b2 Rf8e8
9.Bf1e2 Ng4xe5
10.Nf3xe5 Nc6xe5
11.Nb1c3 Ra8a6
12.Qd1c2 Ra6h6
13.O-O-O d6
14.Nc3e4 Bc8f5
15.Be2f3 Rh6h4
16.Rd1d5 c6
17.Rd5xe5 dxe5
18.g3 Rh4h6
19.Rh1d1 Qd8e7
20.Qc2c3 Bc5xa3
21.Kb1 Rh6xh2
{ resign }
0-1

[Event "Tourn. n8198"]
[Site "www.chess-mail.com"]
[Date "2015.07.20"]
[Round "1"]
[White "Feli"]
[Black "Hansen"]
[WhiteElo "1499"]
[BlackElo "1400"]
[Result "0-1"]
[Round "1"]
1.d4 Nb8c6
2.d5 Nc6e5
3.e4 e6
4.f4 Ne5g6
5.dxe6 fxe6
6.Ng1f3 c6
7.Bf1d3 Qd8b6
8.Qd1e2 d5
9.exd5 cxd5
10.f5 Ng6f4
11.Bc1xf4 Qb6xb2
 { time }
0-1

[Event "Tourn. n8198"]
[Site "www.chess-mail.com"]
[Date "2015.07.20"]
[Round "1"]
[White "Iko"]
[Black "Feli"]
[WhiteElo "1500"]
[BlackElo "1499"]
[Result "1-0"]
[Round "1"]
1.e4 e5
2.Ng1f3 d6
3.Bf1d3 Ng8f6
4.Qd1e2 Bf8e7
5.Bd3c4 O-O
6.d3 c6
7.Bc1g5 h6
8.Bg5xf6 Be7xf6
9.Nb1c3 b5
10.Nc3xb5 d5
11.Bc4xd5 cxd5
12.a4 Nb8c6
13.exd5 Qd8xd5
14.Nb5c7 Qd5a5
15.c3 Qa5xc7
16.Ra1a3 a5
17.O-O Bc8a6
18.c4 Bf6e7
19.Rf1c1 Be7xa3
20.bxa3 Nc6d4
21.Nf3xd4 exd4
22.Qe2e4 Qc7c5
23.Rc1a1  { time }
1-0

[Event "Tourn. n8255"]
[Site "www.chess-mail.com"]
[Date "2015.07.20"]
[Round "1"]
[White "Ruko"]
[Black "Redabond"]
[WhiteElo "1680"]
[BlackElo "1639"]
[Result "1-0"]
[Round "1"]
1.e4 e5
2.Ng1f3 Nb8c6
3.Bf1c4 h6
4.d4 exd4
5.Nf3xd4 Nc6xd4
6.Qd1xd4 d6
7.Nb1c3 Qd8f6
8.Bc1e3 Qf6xd4
9.Be3xd4 c5
10.Bd4e3 Ng8f6
11.O-O-O Bc8e6
12.Bc4xe6 fxe6
13.Nc3b5 O-O-O
14.Nb5xa7 Kb8
15.Na7b5 Nf6xe4
16.f3 Ne4f6
17.Be3xc5 d5
18.Bc5xf8 Rh8xf8
19.Rh1e1 Rf8e8
20.Nb5d4 e5
21.Nd4f5 Nf6h5
22.g4 g6
23.Nf5xh6 Nh5f4
24.Nh6f7 Rd8d7
25.Re1xe5 Re8xe5
26.Nf7xe5 Rd7d6
27.Ne5d3 Nf4e2
28.Kb1 Rd6b6
29.Ka1 Ne2d4
30.c3 Nd4xf3
31.h3 Nf3g5
32.h4 Ng5e4
33.h5 gxh5
34.gxh5 Ne4g3
35.Nd3f4 Rb6h6
36.Nf4xd5 Rh6xh5
37.Nd5b4 Ng3e4
38.a3 Ne4c5
39.Rd1d5 Rh5xd5
40.Nb4xd5 Nc5b3
41.Ka2 Nb3c1
42.Kb1 Nc1d3
43.b4 Kc8
44.Kc2 Nd3e5
45.a4 Kd7
46.a5 Kd6
47.Nd5b6 Ne5c6
48.Kb3 Kc7
49.Ka4 Nc6e5
50.c4 Ne5d3
51.b5 Nd3b2
52.Kb3 Nb2d3
53.Nb6d5 Kb8
54.Kc3 Nd3c5
55.Nd5b4 Ka7
56.b6 Ka8
57.Nb4d5 Kb8
58.Nd5c7 Nc5e4
59.Kb4 Ne4d2
60.Kb5 Nd2b3
61.a6 Nb3d4
62.Kc5 Nd4b3
63.Kb4 Nb3d4
64.a7 { resign }
1-0

[Event "Tourn. n8255"]
[Site "www.chess-mail.com"]
[Date "2015.07.20"]
[Round "1"]
[White "Redabond"]
[Black "Zazi"]
[WhiteElo "1639"]
[BlackElo "1630"]
[Result "0-1"]
[Round "1"]
1.e4 e5
2.Ng1f3 Bf8d6
3.Bf1c4 h6
4.O-O c6
5.d3 b5
6.Bc4b3 a5
7.a3 a4
8.Bb3a2 Bc8a6
9.d4 b4
10.dxe5 Ba6xf1
11.Qd1xd6 Bf1b5
12.Qd6xb4 Nb8a6
13.Qb4c3 Ng8e7
14.e6 dxe6
15.h3 O-O
16.Nf3e5 Qd8d1
17.Kh2 Qd1xc1
18.Ne5d7 Rf8d8
19.Nd7e5 Qc1f4
20.Qc3g3 Qf4xe4
21.c3 Rd8d1
22.c4 Ne7f5
23.Qg3c3 Qe4f4
24.g3 Qf4xf2
{ resign }
0-1

[Event "Tourn. n8177"]
[Site "www.chess-mail.com"]
[Date "2015.07.20"]
[Round "1"]
[White "Ssharp"]
[Black "Samael"]
[WhiteElo "2150"]
[BlackElo "2090"]
[Result "1-0"]
[Round "1"]
1.e4 e5
2.f4 exf4
3.Ng1f3 d6
4.d4 Ng8e7
5.Bc1xf4 Ne7g6
6.Bf4g3 Bf8e7
7.Bf1c4 h6
8.O-O O-O
9.Nb1c3 Nb8c6
10.Nc3e2 Nc6a5
11.Bc4d3 b6
12.c3 Bc8d7
13.Bd3a6 Bd7c8
14.Ba6d3 c5
15.b4 cxb4
16.cxb4 Na5b7
17.a3 Ng6h4
18.Nf3xh4 Be7xh4
19.Bg3xh4 Qd8xh4
20.Ne2g3 g6
21.Qd1b3 Kg7
22.Bd3c4 Nb7d8
23.Rf1f2 Bc8e6
24.d5 Be6d7
25.Bc4e2 Qh4e7
26.Ra1f1 h5
27.Be2xh5 Rf8h8
28.Qb3c3  { time }
1-0

[Event "Tourn. n8242"]
[Site "www.chess-mail.com"]
[Date "2015.07.20"]
[Round "1"]
[White "Oliverio"]
[Black "Anja"]
[WhiteElo "1780"]
[BlackElo "1840"]
[Result "0-1"]
[Round "1"]
1.d4 f5
2.g3 Ng8f6
3.Bf1g2 g6
4.c4 Bf8g7
5.Nb1c3 O-O
6.Ng1f3 d6
7.O-O Qd8e8
 { time }
0-1

[Event "Tourn. n8271"]
[Site "www.chess-mail.com"]
[Date "2015.07.20"]
[Round "1"]
[White "Neverless"]
[Black "T9l9"]
[WhiteElo "2660"]
[BlackElo "2410"]
[Result "1-0"]
[Round "1"]
1.e4 e6
2.d4 d5
3.Nb1c3 dxe4
4.Nc3xe4 Ng8f6
5.Ne4xf6 Qd8xf6
6.Ng1f3 c5
7.Bc1g5 Qf6g6
8.Bf1d3 f5
9.h4 Nb8c6
10.Bd3b5 Bf8d6
11.d5 exd5
12.Qd1xd5 { resign }
1-0

[Event "Tourn. n7943"]
[Site "www.chess-mail.com"]
[Date "2015.07.20"]
[Round "1"]
[White "Falcoale"]
[Black "Difficult"]
[WhiteElo "1940"]
[BlackElo "1880"]
[Result "1-0"]
[Round "1"]
1.e4 d6
2.d4 Ng8f6
3.Nb1c3 g6
4.Ng1f3 Bf8g7
5.Bf1c4 O-O
6.Bc1e3 Nf6xe4
7.O-O Ne4xc3
8.bxc3 d5
9.Bc4b3 c6
10.Rf1e1 Bc8g4
11.h3 Bg4xf3
12.Qd1xf3 Nb8d7
13.Be3g5 Nd7f6
14.Re1e2 h6
15.Bg5h4 Rf8e8
16.Ra1e1 Nf6e4
17.Qf3d3 Qd8d7
18.f3 Ne4f6
19.Re2e3 e6
20.Qd3e2 g5
21.Bh4g3 Ra8d8
22.Re1d1 Nf6h5
23.Bg3h2 Nh5f6
24.f4 Nf6e4
25.fxg5 hxg5
26.Bh2e5 Bg7xe5
27.dxe5 Qd7e7
28.a4 Qe7c7
29.Re3xe4 dxe4
30.Rd1f1 Qc7xe5
31.Qe2h5 Qe5g7
32.Rf1e1 Qg7xc3
33.Qh5xg5 Qc3g7
34.Qg5f4 e5
35.Qf4xe4 Rd8d2
36.Re1f1 Re8f8
37.Kh2 Rd2d4
38.Qe4e3 c5
39.c3 Rd4f4
40.Rf1xf4 exf4
41.Qe3xf4 Rf8e8
42.Qf4c7 Qg7e5
43.Qc7xe5 Re8xe5
44.h4 Re5e3
45.Bb3d5 Re3xc3
46.Bd5xb7 Rc3c4
47.Bb7c6 Rc4c2
48.Kg3 c4
49.Kf3 c3
50.Bc6e4 Rc2a2
51.Ke3 Ra2xa4
52.Be4c2 Ra4a2
53.Kd3 Kg7
54.g4 Ra2a3
55.Bc2d1 Kh6
56.g5 Kg6
57.Kc2 f6
58.gxf6 Kxf6
59.h5 Kg7
60.Kd3 Kh6
61.Kc2 Ra3a1
62.Bd1f3 Ra1a3
63.Bf3e2  { time }
1-0

[Event "Tourn. n8196"]
[Site "www.chess-mail.com"]
[Date "2015.07.20"]
[Round "1"]
[White "Groz"]
[Black "Andychesston"]
[WhiteElo "1990"]
[BlackElo "1900"]
[Result "0-1"]
[Round "1"]
1.d4 d5
2.Bc1f4 e6
3.Ng1f3 Nb8c6
4.e3 Bf8b4
5.c3 Bb4a5
6.Bf1d3 Ng8f6
7.O-O O-O
8.Nf3e5 Nc6xe5
9.Bf4xe5 Bc8d7
10.Nb1d2 g6
11.e4 Nf6e8
12.Qd1f3 f6
13.Be5g3 c6
14.h4 Ne8g7
15.Ra1e1 f5
16.exd5 cxd5
17.Bg3e5 Qd8xh4
18.g3 Qh4h3
19.Qf3g2 Qh3xg2
20.Kxg2 a6
21.Nd2b3 Ba5b6
22.c4 { time. }
0-1

[Event "Tourn. n8148"]
[Site "www.chess-mail.com"]
[Date "2015.07.20"]
[Round "1"]
[White "Spitzer"]
[Black "Powerchess"]
[WhiteElo "1610"]
[BlackElo "1430"]
[Result "1-0"]
[Round "1"]
1.e4 c5
2.Nb1c3 a6
3.Ng1f3 d6
4.d4 cxd4
5.Nf3xd4 Ng8f6
6.Bf1c4 e6
7.O-O Qd8c7
8.b3 Bf8e7
9.a4 Nb8c6
10.Nd4xc6 bxc6
11.Bc1e3 d5
12.exd5 exd5
13.Nc3xd5 cxd5
14.Bc4xd5 Nf6xd5
15.Qd1xd5 Bc8b7
16.Qd5d3 Qc7c6
17.f3 O-O
18.c4 Rf8d8
19.Qd3c3 Be7f6
20.Qc3b4 Rd8e8
21.Qb4d2 Ra8d8
22.Qd2f2 Re8xe3
23.Qf2xe3 Bf6d4
24.Qe3xd4 Rd8xd4
25.Ra1d1 Rd4xd1
26.Rf1xd1 { resign }
1-0

[Event "Tourn. n8313"]
[Site "www.chess-mail.com"]
[Date "2015.07.20"]
[Round "1"]
[White "Picifarkinca"]
[Black "Guidom"]
[WhiteElo "1820"]
[BlackElo "2070"]
[Result "0-1"]
[Round "1"]
1.Ng1f3 d5
2.c4 dxc4
3.e4 b5
4.Nb1a3 c6
5.d3 cxd3
6.Qd1xd3 Qd8xd3
7.Bf1xd3 a6
8.O-O Ng8f6
9.h3 e6
10.Na3c2 Bf8e7
11.Bc1e3 Bc8d7
12.Ra1c1 O-O
13.Nf3e5 Be7d6
14.Ne5xd7 Nb8xd7
15.Nc2d4 c5
16.Nd4b3 c4
{ resign }
0-1

[Event "Tourn. n8135"]
[Site "www.chess-mail.com"]
[Date "2015.07.20"]
[Round "1"]
[White "Sontuozio"]
[Black "Tomasseeber"]
[WhiteElo "2120"]
[BlackElo "2240"]
[Result "0-1"]
[Round "1"]
1.d4 Ng8f6
2.Ng1f3 b6
3.Nb1d2 Bc8b7
4.e3 e6
5.Bf1d3 g6
6.c3 Bf8g7
7.O-O O-O
8.Qd1e2 d6
9.e4 Nb8d7
10.h3 c5
11.a3 a6
12.b4 b5
13.Bc1b2 c4
14.Bd3c2 Rf8e8
15.Nf3h2 e5
16.d5 Nf6h5
17.Qe2e3 Qd8h4
18.Nh2f3 Qh4f4
19.Bc2d1 f5
20.g3 Qf4xe3
21.fxe3 Nh5xg3
22.Rf1f2 Ng3xe4
23.Nd2xe4 fxe4
24.Nf3h2 Bb7xd5
25.Bd1e2 Nd7b6
26.Ra1d1 Ra8d8
27.Nh2g4 Re8e6
28.Rd1f1 Nb6d7
29.Rf2f7 Re6e8
30.Rf7f2 Re8f8
31.Rf1a1 Nd7b6
32.Ra1f1 Rf8xf2
33.Rf1xf2 Rd8f8
34.Be2d1 Bd5e6
35.Rf2xf8 Kxf8
36.Bb2c1 Kf7
37.Kg2 d5
38.Ng4f2 Nb6c8
39.Bd1g4 Nc8e7
40.Bg4xe6 Kxe6
41.Bc1b2 Ne7f5
42.Bb2c1 h5
43.Bc1d2 Bg7h6
44.Nf2d1 d4
{ resign }
0-1

[Event "Tourn. n8155"]
[Site "www.chess-mail.com"]
[Date "2015.07.20"]
[Round "1"]
[White "Numanoid"]
[Black "Pgcbies"]
[WhiteElo "2580"]
[BlackElo "2770"]
[Result "0-1"]
[Round "1"]
1.e4 c6
2.d4 d5
3.exd5 cxd5
4.c4 e6
5.Nb1c3 Ng8f6
6.Ng1f3 Bf8b4
7.Bf1d3 dxc4
8.Bd3xc4 O-O
9.O-O b6
10.Bc1g5 Bc8b7
11.Ra1c1 h6
12.Bg5h4 Nb8c6
13.Rf1e1 Bb4e7
14.a3 Nf6h5
15.Bh4g3 Nh5xg3
16.hxg3 Be7f6
17.d5 Nc6a5
18.Bc4a2 Bf6xc3
19.Rc1xc3 Bb7xd5
20.Ba2xd5 Qd8xd5
21.Qd1xd5 exd5
{ resign }
0-1

[Event "Tourn. n8255"]
[Site "www.chess-mail.com"]
[Date "2015.07.20"]
[Round "1"]
[White "Roque1"]
[Black "Redabond"]
[WhiteElo "1690"]
[BlackElo "1639"]
[Result "0-1"]
[Round "1"]
1.e4 e5
2.Ng1f3 Nb8c6
3.Bf1b5 f6
4.Nb1c3 Bf8c5
5.O-O Ng8e7
6.d3 Nc6d4
7.Bb5c4 d6
 { time }
0-1

[Event "Tourn. n8255"]
[Site "www.chess-mail.com"]
[Date "2015.07.20"]
[Round "1"]
[White "Redabond"]
[Black "Falcoale"]
[WhiteElo "1639"]
[BlackElo "1850"]
[Result "0-1"]
[Round "1"]
1.e4 c5
2.Bf1c4 e6
3.Ng1f3 Nb8c6
4.O-O a6
5.Nb1c3 b5
6.Bc4d3 Bc8b7
7.b3 Bf8e7
8.e5 f6
9.exf6 Be7xf6
10.Rf1e1 Ng8e7
11.Bc1b2 O-O
12.Ra1b1 Nc6b4
13.a3 Nb4xd3
14.cxd3 Ne7c6
15.Nc3e4 Bf6xb2
16.Rb1xb2 d6
17.Ne4g3 Nc6d4
18.Nf3xd4 cxd4
19.Re1e4 Bb7xe4
20.dxe4 e5
21.b4 d5
22.Qd1b3 Rf8f4
23.exd5 Ra8c8
24.Ng3h5 Rc8c1
{ resign }
0-1

[Event "Tourn. n8228"]
[Site "www.chess-mail.com"]
[Date "2015.07.20"]
[Round "1"]
[White "Dspillman"]
[Black "Mitja"]
[WhiteElo "1610"]
[BlackElo "1610"]
[Result "0-1"]
[Round "1"]
1.e4 d5
2.Nb1c3 dxe4
3.Nc3xe4 e6
4.a3 c6
5.Qd1f3 Nb8d7
6.d4 Nd7f6
7.Bc1e3 Nf6xe4
8.Qf3xe4 h6
9.Ng1f3 Ng8f6
10.Qe4d3 Qd8b6
11.b4 Qb6c7
12.Bf1e2 Bf8e7
13.h3 b5
14.c3 a6
15.Nf3e5 Bc8b7
16.Be3f4 Be7d6
17.Ra1d1 Nf6d5
18.Bf4g3 Nd5e7
19.O-O Ra8d8
20.Be2h5 O-O
21.Bg3h4 Bd6xe5
22.g3 g6
23.Bh5g4 g5
24.Qd3e3 Be5f6
25.Bg4f3 Kg7
26.Bf3e4 gxh4
27.g4 Bf6g5
28.Qe3f3 Ne7d5
29.Rf1e1 Qc7f4
30.Rd1d3 Qf4xf3
31.Rd3xf3 Nd5xc3
32.Be4c2 Rd8xd4
33.Re1f1 Nc3e2
34.Kh1 c5
35.Rf1e1 Bb7xf3
36.Kh2 Bg5f4
{ resign }
0-1

[Event "Tourn. n8307"]
[Site "www.chess-mail.com"]
[Date "2015.07.20"]
[Round "1"]
[White "Mitja"]
[Black "Bira47"]
[WhiteElo "1660"]
[BlackElo "1739"]
[Result "0-1"]
[Round "1"]
1.d4 g6
2.e3 Bf8g7
3.c3 b6
4.Ng1f3 Bc8b7
5.Nb1d2 Ng8f6
6.Nd2b3 O-O
7.Bf1e2 a6
8.O-O e6
9.h3 d5
10.Be2d3 Nb8d7
11.Bd3c2 Rf8e8
12.Bc1d2 c5
13.dxc5 Nd7xc5
14.Nb3xc5 bxc5
15.Bc2a4 Re8e7
16.Nf3e5 Ra8c8
17.Qd1b3 Nf6e4
18.Ba4c6 Ne4xd2
{ resign }
0-1

[Event "Tourn. n8307"]
[Site "www.chess-mail.com"]
[Date "2015.07.20"]
[Round "1"]
[White "Bojan"]
[Black "Mitja"]
[WhiteElo "1890"]
[BlackElo "1660"]
[Result "1-0"]
[Round "1"]
1.e4 d5
2.exd5 Qd8xd5
3.Nb1c3 Qd5d8
4.Qd1f3 Ng8f6
5.Bf1c4 e6
6.Ng1e2 c6
7.d3 h6
8.a3 Nb8d7
9.d4 Nd7b6
10.Bc4b3 Nb6d5
11.Nc3e4 Nf6xe4
12.Qf3xe4 Bf8e7
13.Qe4g4 Be7f6
14.c3 e5
15.Qg4e4 Qd8d6
16.dxe5 Bf6xe5
17.f4 f5
18.Qe4xe5 Qd6xe5
19.fxe5 O-O
20.O-O Rf8e8
21.c4 Re8xe5
22.cxd5 Re5xe2
23.dxc6 Kh7
24.Bb3d5 bxc6
25.Bd5xc6 Ra8b8
26.b4 Bc8b7
27.Bc1f4 { resign }
1-0

[Event "Tourn. n8307"]
[Site "www.chess-mail.com"]
[Date "2015.07.20"]
[Round "1"]
[White "Bira47"]
[Black "Bojan"]
[WhiteElo "1739"]
[BlackElo "1890"]
[Result "0-1"]
[Round "1"]
1.c4 g6
2.g3 Bf8g7
3.Bf1g2 c6
4.Nb1c3 e6
5.e3 d5
6.cxd5 exd5
7.d4 b6
8.Ng1e2 Ng8f6
9.O-O Bc8f5
10.Ne2f4 h5
11.f3 Nf6h7
12.e4 dxe4
13.fxe4 Bf5g4
14.Bg2f3 Nh7g5
15.d5 Ng5xf3
16.Rf1xf3 cxd5
17.Nc3xd5 Nb8c6
18.Qd1a4 Qd8d7
19.Rf3d3 Qd7b7
20.Nd5b4 b5
21.Qa4b3 Nc6e5
22.Rd3e3 Ra8d8
23.Nf4d5 a5
24.Nb4d3 b4
25.Nd3xe5 Bg7xe5
26.Re3e1 h4
27.Bc1g5 hxg3
28.hxg3 Rd8d6
29.Ra1c1 f6
30.Bg5e3 Be5xg3
31.Be3f2 Bg3e5
32.Rc1c7 Qb7b8
33.Re1c1 Rd6xd5
34.exd5 Be5xc7
35.Qb3e3 Bc7e5
36.Bf2g3 Kf7
37.Bg3xe5 fxe5
38.Rc1f1 Bg4f5
39.d6 Qb8xd6
40.Qe3a7 Kf6
41.Qa7e3 e4
42.a3 Qd6h2

0-1

[Event "Tourn. n8172"]
[Site "www.chess-mail.com"]
[Date "2015.07.20"]
[Round "1"]
[White "Amaya"]
[Black "Cardiff"]
[WhiteElo "2020"]
[BlackElo "2040"]
[Result "1-0"]
[Round "1"]
1.d4 g6
2.e3 Bf8g7
3.Bf1d3 d6
4.f4 Ng8f6
5.Ng1f3 O-O
6.Nb1d2 c5
7.c3 b6
8.O-O Bc8b7
9.Qd1e2 Nb8d7
10.a3 d5
11.Nf3e5 e6
12.Qe2f3 c4
13.Bd3c2 b5
14.g4 Nd7b6
15.g5 Nf6d7
16.Qf3h3 Qd8e7
17.e4 dxe4
18.Bc2xe4 Nb6d5
19.Be4c2 f6
20.Bc2xg6 hxg6
21.Ne5xg6 Qe7d6
22.Ng6xf8 Nd7xf8
23.gxf6 Nd5xf6
24.Nd2f3 Qd6d5
25.f5 exf5
26.Bc1h6 Nf8g6
27.Kf2 Nf6g4
28.Kg1 Bg7xh6
29.Qh3h5 Kg7
30.Ra1e1 Ng4e3
31.Rf1f2 Ne3g4
32.Kf1 Ng4xf2
33.Kxf2 Ra8f8
34.Re1g1 Rf8f6
{ time. }
1-0

[Event "Tourn. n8156"]
[Site "www.chess-mail.com"]
[Date "2015.07.20"]
[Round "1"]
[White "Generalfree"]
[Black "Colchester"]
[WhiteElo "1770"]
[BlackElo "1930"]
[Result "0-1"]
[Round "1"]
1.d4 d5
2.g3 Ng8f6
3.b3 h5
4.Bc1g5 Nf6e4
5.Ng1f3 Ne4xg5
6.Nf3xg5 e5
7.Ng5f3 exd4
8.Nf3xd4 h4
9.Qd1d3 hxg3
10.Qd3xg3 Qd8d6
11.Nd4b5 Qd6xg3
12.fxg3 Kd8
13.Nb1c3 c6
14.Nb5d4 Bf8b4
15.Kd2 c5
16.Nd4b5 d4
17.Kd3 dxc3
18.Nb5d6 Bc8e6
19.Nd6xb7 Kc7
20.Bf1g2 Nb8c6
21.Nb7xc5 Bb4xc5
22.Kxc3 Bc5d4
{ resign }
0-1

[Event "Tourn. n8155"]
[Site "www.chess-mail.com"]
[Date "2015.07.20"]
[Round "1"]
[White "Rons"]
[Black "Numanoid"]
[WhiteElo "2540"]
[BlackElo "2600"]
[Result "1/2-1/2"]
[Round "1"]
1.e4 d6
2.d4 Ng8f6
3.Nb1c3 g6
4.f4 Bf8g7
5.Ng1f3 c5
6.Bf1b5 Bc8d7
7.e5 Nf6g4
8.e6 Bd7xb5
9.exf7 Kd7
10.Nc3xb5 Qd8a5
11.Nb5c3 cxd4
12.Nf3xd4 Qa5h5
13.Nc3e4 Nb8c6
14.Nd4b3 b6
15.Qd1d3 Nc6b4
16.Qd3e2 Ng4f6
17.Ne4xf6 Bg7xf6
18.c3 Qh5xe2
19.Kxe2 Nb4c6
20.Bc1e3 Rh8f8
21.Nb3d2 Rf8xf7
22.Nd2e4 Ra8c8
23.Ra1d1 Nc6a5
24.Rh1f1 Bf6g7
25.Rf1f3 Rf7f8
26.Rf3h3 h5
27.Rh3g3 Bg7h6
28.Rd1f1 Rf8g8
29.b3 Rc8f8
30.c4 Na5c6
{ draw }
1/2-1/2

[Event "Tourn. n8206"]
[Site "www.chess-mail.com"]
[Date "2015.07.20"]
[Round "1"]
[White "Oliverio"]
[Black "Anja"]
[WhiteElo "1690"]
[BlackElo "1700"]
[Result "0-1"]
[Round "1"]
1.c4 e5
2.Nb1c3 Nb8c6
3.g3 f5
4.Bf1g2 g6
5.d3 Bf8g7
6.e4 d6
7.Ng1e2 h6
8.Nc3d5 Ng8f6
9.O-O O-O
10.f4 Nf6xd5
11.cxd5 Nc6d4
12.Ne2xd4 exd4
13.Qd1e2 Rf8e8
14.Bc1d2 Bc8d7
15.Ra1c1 fxe4
 { time }
0-1

[Event "Tourn. n8209"]
[Site "www.chess-mail.com"]
[Date "2015.07.20"]
[Round "1"]
[White "Anja"]
[Black "Oliverio"]
[WhiteElo "1700"]
[BlackElo "1690"]
[Result "0-1"]
[Round "1"]
1.d4 Ng8f6
2.Ng1f3 e6
3.Bc1f4 Bf8e7
4.c4 d5
5.e3 c6
6.Bf1d3 O-O
7.O-O Nb8d7
8.c5 b6
9.cxb6 axb6
10.Qd1c2 Rf8e8
11.Bf4g5 Nd7f8
12.Qc2xc6 Bc8d7
13.Qc6c2 Ra8c8
14.Nb1c3 b5
15.a3 Nf8g6
16.Bd3xg6 hxg6
17.Nf3e5 Nf6e4
18.Bg5xe7 Qd8xe7
 { time }
0-1